| 000 | 00753nam a22002177a 4500 | ||
|---|---|---|---|
| 999 |
_c8629 _d8629 |
||
| 003 | AR-CdUCM | ||
| 008 | 190325b ||||| |||| 00| 0 spa d | ||
| 020 | _a958-04-2584-1 | ||
| 040 |
_aMUNICIPALIDAD PROVINCIAL DEL CUSCO _cBIBLIOTECA MUNICIPAL DEL CUSCO |
||
| 082 |
_a536.2 / _bR89 |
||
| 100 |
_aRuibal Handabaka, Alberto _99865 |
||
| 245 | _aGestión logística de la distribución física internacional / | ||
| 260 |
_aColombia : _bNorma, _c1994. |
||
| 300 |
_a461 páginas ; _c24 cm. |
||
| 505 | _aContenido : La carga por transporte -- Los modos de transporte -- Costo de la cadena de DFI por analizar ... | ||
| 650 |
_aFisica _92382 |
||
| 650 |
_aDistribución _99068 |
||
| 650 |
_aInternacional _94041 |
||
| 942 |
_2ddc _cLIBROS |
||
| 945 | _arah | ||